00458 a2200169 450000100060000002000180000604000220002410000180004624000260006424500210009030000070011136200090011865000260012794200070015395201110016099900170027162503 a7898034593222 cAnchieta - Pituba aCoelho, Paulo10aBosque de cedroslpor10aBosque de cedros a640 a1999 4aLiteratura brasileira cBK 00104070a91.1b91.1d2023-11-21l0o869.9 C672b COE BOSp15447/PITr2023-11-21 18:30:59w2023-11-21yBK c62503d62503